00424nam a2200157Ia 4500008004100000020001400041041001200055082001600067100001400083245007800097250000800175260004100183300000800224650001600232700001800248221030s9999 xx 000 0 und d a817758112 aEnglish a105.23bTur aE. Turban 0aDecision Support System & Intelligent Systemcby E. Turban, J. E. Aronson a7th bPearson EducationaNew Delhic2006 a904 aBE Computer aJ. E. Aronson